| 000 | 01004nam a22002777a 4500 | ||
|---|---|---|---|
| 003 | EG-ScBUE | ||
| 005 | 20211129123259.0 | ||
| 008 | 100715s1978 ua f 000 p ara d | ||
| 017 | _a1978 / 3791 | ||
| 020 | _a9772015579 | ||
| 040 |
_aEG-ScBUE _bara _erda _cEG-ScBUE _dEG-ScBUE |
||
| 082 | 0 | 4 |
_a892.716 _bن ش ا _222 |
| 100 | 1 |
_916332 _aالنشار، عبد اللطيف، _d1895-1972، _eمؤلف. |
|
| 245 | 1 | 0 |
_aديوان عبد اللطيف النشار / _cعبد اللطيف النشار. |
| 264 | 1 |
_aالقاهرة : _bالهيئة المصرية العامة للكتاب، _c1978. |
|
| 300 |
_a441 صفحة ؛ _c24 سم |
||
| 336 |
_2rdacontent _aنص _btxt |
||
| 337 |
_2rdamedia _aبدون وسيط _bn |
||
| 338 |
_2rdacarrier _aمجلد _bnc |
||
| 541 |
_aألف باء ؛ _cشراء ؛ |
||
| 650 | 7 |
_98538 _aالشعر العربي _xدواوين وقصائد. _2BUEsh |
|
| 651 | _2BUEsh | ||
| 653 |
_bARALIT _cNovember2021 |
||
| 655 |
_vReading book _934232 |
||
| 942 |
_2ddc _cBB |
||
| 999 |
_c14489 _d14489 |
||